00297nam a22001217a 4500020001500000040000900015082002000024100001800044110002000062245002800082260003800110650002700148 a8178085658 cNUST a621.3815324 HAY aHaykin, Simon aKailath, Thomas aAdaptive Filter Theory: aIndia:bPearson Education,c2002. aAdaptive Filter Theory